Quick Devil May Cry Quiz - Statistics

General Stats
  • This quiz has been taken 129 times
  • The average score is 8 of 15
Answer Stats
Hint Answer % Correct
Main Character Dante
100%
Above's brother Vergil
97%
The Father Of #1 and #2 Sparda
91%
The Weapon That #1 Always Uses Rebellion
88%
Female Character From Devil May Cry 1 (Blond Hair) Trish
88%
Female Character From Devil May Cry 3 (Black Hair) Lady
86%
The Weapon That #2 Uses And Can Perform A Judgement Cut Yamato
85%
The Move That Can Be Performed When #1 Has #5 (Linked to a scorpion) Stinger
48%
The Mother Of #1 And #2 Eve
45%
The Move That #2 Can Use When Devil Triggered And Has Full Concentration Judgement Cut End
40%
The Move That #1 Can Use If You Use The Swordmaster Style And Is Linked To What You Do When Using A Car Drive
24%
The Move That #1 Is Infamous For Performing (He Says Breakdown After You Complete It In Devil May Cry 4) Million Stab
15%
The Upgrade To This? Overdrive
13%
The Ability That #1 Can Use When He Is Devil Triggered And His Royal Guard Meter Is Maxed Out And Becomes Invulnerable Dreadnought
11%
The Move That #2 Can Perform With #6 (Dashes) Rapid Slash
10%
No matching quizzes found
Score Distribution
Percent of People with Each Score
Percentile by Number Answered
Your Score History
You have not taken this quiz